|
|
|
|
| LEADER |
00000cam a2200000 7i4500 |
| 001 |
0000066628 |
| 005 |
20161005.0 |
| 008 |
161005 |
| 020 |
|
|
|a 9830340635(set)
|
| 020 |
|
|
|a 9830340775
|
| 090 |
0 |
0 |
|a PLC
|b MAL
|
| 100 |
1 |
|
|a Suraya
|
| 245 |
1 |
0 |
|a Sabah Negeri Di Bawah Bayu
|c Suraya
|
| 260 |
|
|
|a Kuala Lumpur :
|b Penerbitan Hartamas ,
|c 1995
|
| 300 |
|
|
|a 40pg. :
|b col. ill.
|
| 490 |
1 |
|
|a Siri tanah airku
|
| 500 |
|
|
|a Children ages 7-9 years old (orange)
|
| 650 |
|
0 |
|a Sabah
|x History
|
| 999 |
|
|
|a 0000585110
|b Book
|c Children Collection
|e Cawangan Tmn. Ungku Tun Aminah
|
| 999 |
|
|
|a 0000585116
|b Book
|c Children Collection
|e Cawangan Mersing
|
| 999 |
|
|
|a 0000585123
|b Book
|c Children Collection
|e Cawangan Pontian
|
| 999 |
|
|
|a 0000797840
|b Book
|c Children Collection
|e Cawangan Segamat
|
| 999 |
|
|
|a 0000799273
|b Book
|c Children Collection
|e Cawangan Pontian
|
| 999 |
|
|
|a 0000817251
|b Book
|c Children Collection
|e Cawangan Bandar Penawar
|
| 999 |
|
|
|a 0000818923
|b Book
|c Annual Reports
|e Cawangan Mersing
|
| 999 |
|
|
|a 0000931885
|b Book
|c Children Collection
|e Cawangan Tangkak
|
| 999 |
|
|
|a 0000931886
|b Book
|c Children Collection
|e Cawangan Tangkak
|
| 999 |
|
|
|a 0000931887
|b Book
|c Children Collection
|e Cawangan Tangkak
|
| 999 |
|
|
|a 0000946155
|b Book
|c Children Collection
|e Cawangan Taman Sri Lambak
|
| 999 |
|
|
|a 0000946156
|b Book
|c Children Collection
|e Cawangan Taman Sri Lambak
|
| 999 |
|
|
|a 0000946157
|b Book
|c Children Collection
|e Cawangan Taman Sri Lambak
|